000 00339nam a2200133Ia 4500
008 240624s9999 xx 000 0 und d
041 _aeng
082 _a658.4063 PYL
100 _aPYLE ROD
245 _aINNOVATION THE NASA HARNESSING THE POWER
260 _c2014
_aNew York
_bMcGraw-Hill
300 _a278 p. : 23 ; cm.
365 _c
_b33
999 _c32665
_d32665